000 01236nam a2200325 i 4500
001 197719
003 ES-MaACL
005 20251212171857.0
008 250519b2025 sp ||||| |||| 00| 0 spa d
017 _aM 9392-2025
020 _a9788490415290
040 _bspa
_cES-MaACL
100 1 _aJosa, Lola
_9241236
_eaut
245 _aTeresa de Jesús y Juan de la Cruz :
_bsin máscaras y descalzos /
_cLola Josa.
250 _aPrimera edición: mayo 2025
260 _aMadrid :
_bCompañía de Teatro Nacional Clásico,
_c2025.
300 _a89 páginas ;
_c21 cm.
336 _2rdacontent
_atexto
337 _2rdamedia
_asin mediación
338 _2rdacarrier
_avolumen
600 0 0 _9226510
_aTeresa de Jesús,
_cSanta,
_d1515-1582
600 0 4 _aJuan de la Cruz,
_cSanto,
_d1542-1591
_967110
655 0 _9176636
_aEnsayos
852 _aES-MaACL
_cDEPOJ
_jN-10592
_gDedicatoria autógrafa de la autora
_hDonación: Lola Josa
_xEncuadernación rústica
_9206715
903 _9241236
_aJosa, Lola
_ednr
942 _cMONOGRAFIA
_n0
999 _c197719
_d197719